1132 1921 1259 1515 1370 1720 1314 1128 1989 1039 1344 1971 1806 1128 1769 1070 1792 1829 1410 1710 1671 1175 1759 1877 1525 1853 1905 1969 1008 1098 1794 1678 1159 1637 1850 1348 1776 1505 1828 1282 1297 1221 1959 1913 1286 1744 1179 1665 1928 1908 1648 1297 1780 1958 1183 1960 1374 1683 1370 1299 1606 1737 1464 1122 1704 1168 1286 1775 1268 1672 1973 1933 1813 1679 1210 1840 1020 1600 1979 1876 1753 1033 1511 1104 1541 1231 1408 1860 1780 1403 1516 1806 1820 1021 1129 1480 1942 1921 1322 BCNSPRNW ULIB Ver.6.0+V

เปลี่ยนเป็นภาษาไทย

Change to English
 แสดงรายละเอียดบรรณานุกรม
  กลับหน้าหลัก

Brief Record : Get Marc (ISO 2709) : E-mail record : QR code < ปิดหน้าต่าง
LEADER : 00000nam 2200000uu 4500
001    13399113526
003     ULIB
008    111124s2542||||th 000 0 tha d
060 04 ^aWA18^bพ242ค 2542
245 00 ^aคู่มือการศึกษาอนาคตการสาธารณสุข/^cสำนักนโยบายและแผนสาธารณสุข สำนักงานปลัดกระทรวงสาธารณสุข
250    ^aพิมพ์ครั้งที่ 1
260    ^aกรุงเทพฯ :^bสำนักนโยบายและแผนสาธารณสุข สำนักงานปลัดกระทรวงสาธารณสุข,^c2542
710 2  ^aสำนักนโยบายและแผนสาธารณสุข สำนักงานปลัดกระทรวงสาธารณสุข
945    ^p0^l0^i6944
945    ^p0^l0^i6946
945    ^p0^l0^i6947
945    ^p0^l0^i6948
995    ^aกัณชพร
999    ^aใช้งานได้ทุกระบบ
รายการนี้ยังไม่มีแท็ก
คุณยังไม่ได้ล็อกอิน คุณสามารถมีกิจกรรมร่วมกับเว็บไซต์ได้ แต่ต้องล็อกอินก่อน ::
  ล็อกอิน

รายการสื่อสารสนเทศ

ลำดับที่ ประเภท เลขเรียก/บาร์โค้ด สถานที่ สถานะ
- ไม่พบข้อมูล -

BibComment


ยังไม่เคยถูกคอมเมนท์

คอมเมนท์ทรัพยากรรายการนี้
  คอมเมนท์: คู่มือการศึกษาอน..


 Copyright 2026. Bcnsprnw @Library